[Event "Niederbayernliga 1213"]
[Site "Bayern"]
[Date "2013.??.??"]
[Round "9"]
[White "Merz, Johann"]
[Black "Schwarz, Hannes"]
[Result "0-1"]
[WhiteElo "1391"]
[BlackElo "1431"]
[PlyCount "90"]
[EventDate "2012.10.14"]
[EventType "team-tourn"]
[EventRounds "9"]
[EventCountry "GER"]
[SourceTitle "EXT 2023"]
[Source "ChessBase"]
[SourceDate "2022.10.05"]
[SourceVersion "1"]
[SourceVersionDate "2022.10.05"]
[SourceQuality "1"]
[WhiteTeam "Rottal III"]
[BlackTeam "Regen/Viechtach"]
[WhiteTeamCountry "GER"]
[BlackTeamCountry "GER"]

1. e4 c5 2. c4 Nc6 3. Nc3 d6 4. d3 Nf6 5. Nf3 g6 6. Be2 Bg7 7. 0-0 0-0 8. Re1 Bd7 9. a3 a6 10. h3 Rb8 11. Rb1 b5 12. cxb5 axb5 13. Bd2 Qc7 14. Be3 b4 15. axb4 Rxb4 16. Qc1 Qb8 17. Nd1 Ne8 18. Bh6 Nc7 19. Bxg7 Kxg7 20. Ne3 Be6 21. Nc4 f6 22. Bd1 Qb7 23. b3 Bxc4 24. dxc4 Na5 25. Nd2 Ne6 26. Qc3 Nd4 27. Bc2 Rb8 28. Kh1 Nxc2 29. Qxc2 Nxb3 30. Nxb3 Rxb3 31. Rxb3 Qxb3 32. Qxb3 Rxb3 33. Re3 Rb1+ 34. Kh2 Rc1 35. f4 Rxc4 36. e5 d5 37. exf6+ Kxf6 38. Kg3 Re4 39. Kf3 Rxe3+ 40. Kxe3 e5 41. g3 c4 42. h4 h5 43. Kf3 c3 44. Ke3 exf4+ 45. gxf4 Kf5 0-1

[Event "Niederbayernliga 0607"]
[Site "Germany"]
[Date "2006.??.??"]
[Round "2.8"]
[White "Roth, Peter2222"]
[Black "Merz, Johann"]
[Result "1-0"]
[WhiteElo "1899"]
[BlackElo "1413"]
[PlyCount "93"]
[EventDate "2006.??.??"]
[EventType "team"]
[EventRounds "9"]
[EventCountry "GER"]
[SourceTitle "EXT 2008"]
[Source "ChessBase"]
[SourceDate "2007.11.25"]
[SourceVersion "1"]
[SourceVersionDate "2007.11.25"]
[SourceQuality "1"]
[WhiteTeam "Deggendorf"]
[BlackTeam "Eggenfelden"]
[WhiteTeamCountry "GER"]
[BlackTeamCountry "GER"]

1. e4 c5 2. Nf3 Nc6 3. Bb5 Nd4 4. Nxd4 cxd4 5. 0-0 a6 6. Ba4 e6 7. d3 Ne7 8. f4 Nc6 9. c3 Be7 10. a3 0-0 11. c4 Na7 12. Qg4 b5 13. cxb5 axb5 14. Bb3 d5 15. exd5 exd5 16. Qf3 Bb7 17. f5 Bf6 18. Bf4 Nc8 19. Nd2 Nb6 20. Rac1 Rc8 21. g4 Na4 22. Bxa4 bxa4 23. Qf2 Ba6 24. Rxc8 Bxc8 25. Nf3 g6 26. g5 Bg7 27. f6 Bg4 28. fxg7 Kxg7 29. Qxd4+ Kg8 30. Bd2 Bxf3 31. Rxf3 f5 32. gxf6 Rf7 33. Bc3 Qd7 34. Qf4 Qb7 35. Re3 Qd7 36. h3 d4 37. Bxd4 Qc8 38. Bc3 Qd8 39. Qxa4 Qd5 40. Qe8+ Rf8 41. Qe6+ Qxe6 42. Rxe6 h6 43. Re7 Rf7 44. Rxf7 Kxf7 45. Kf2 h5 46. Kg3 g5 47. a4 1-0

[Event "Niederbayernliga 0405"]
[Site "Germany"]
[Date "2005.??.??"]
[Round "6"]
[White "Maier, Ullrich"]
[Black "Merz, Johann"]
[Result "1-0"]
[WhiteElo "1608"]
[BlackElo "1457"]
[PlyCount "95"]
[EventDate "2004.??.??"]
[EventType "team"]
[EventRounds "9"]
[EventCountry "GER"]
[SourceTitle "EXT 2008"]
[Source "ChessBase"]
[SourceDate "2007.11.25"]
[SourceVersion "1"]
[SourceVersionDate "2007.11.25"]
[SourceQuality "1"]
[WhiteTeam "Simbach"]
[BlackTeam "Eggenfelden"]
[WhiteTeamCountry "GER"]
[BlackTeamCountry "GER"]

1. d4 d6 2. c4 c6 3. e4 Nf6 4. Nc3 e6 5. Nf3 Be7 6. Bd3 h6 7. e5 dxe5 8. dxe5 Nfd7 9. Bd2 Na6 10. a3 Qc7 11. Qe2 Ndc5 12. Bc2 b6 13. 0-0 Bd7 14. Rfc1 Nb8 15. b4 Nb7 16. Ne4 a5 17. Ng3 c5 18. b5 g6 19. Be4 Ra7 20. Be3 Nd8 21. Ra2 Bc8 22. Rd1 Nd7 23. Bc1 Kf8 24. Rad2 Kg7 25. Bb2 h5 26. h4 Nf8 27. Nf1 Nh7 28. Ne3 Rg8 29. Nd5 Qb8 30. Nxe7 Rxe7 31. Rxd8 Qc7 32. R8d6 Bb7 33. Bxb7 Qxb7 34. Qe3 Rge8 35. Bc1 Rc7 36. Qh6+ Kg8 37. Rd8 Rc8 38. Ng5 Nf8 39. R8d6 Rb8 40. Nf3 f5 41. exf6 Qh7 42. Qg5 Qf7 43. Ne5 Rb7 44. Nxf7 Rxf7 45. Rd8 Rxd8 46. Rxd8 Kh7 47. Rxf8 Rxf8 48. Qh6+ 1-0

[Event "Niederbayernliga 0405"]
[Site "Germany"]
[Date "2005.??.??"]
[Round "9"]
[White "Merz, Johann"]
[Black "Brunner, Johann"]
[Result "0-1"]
[WhiteElo "1457"]
[BlackElo "1107"]
[PlyCount "110"]
[EventDate "2004.??.??"]
[EventType "team"]
[EventRounds "9"]
[EventCountry "GER"]
[SourceTitle "EXT 2008"]
[Source "ChessBase"]
[SourceDate "2007.11.25"]
[SourceVersion "1"]
[SourceVersionDate "2007.11.25"]
[SourceQuality "1"]
[WhiteTeam "Eggenfelden"]
[BlackTeam "Freyung"]
[WhiteTeamCountry "GER"]
[BlackTeamCountry "GER"]

1. e4 c5 2. c4 d6 3. Nc3 a6 4. d3 Nf6 5. Be2 e6 6. Bf3 Nc6 7. Be3 Qc7 8. h3 Be7 9. a3 0-0 10. Nge2 Nd7 11. Ng3 Nde5 12. Be2 Rb8 13. 0-0 b5 14. f4 Ng6 15. f5 Nge5 16. Nh5 exf5 17. Nd5 Qb7 18. exf5 f6 19. Nxe7+ Qxe7 20. cxb5 axb5 21. Qd2 Qf7 22. Ng3 c4 23. d4 Nd7 24. Bf3 d5 25. Bf4 Rb6 26. Rae1 Ndb8 27. Bd6 Rd8 28. Bf4 Ne7 29. Bc7 Nxf5 30. Nxf5 Qxc7 31. Ne7+ Kf8 32. Qb4 Qd6 33. Nxd5 Qxb4 34. Nxb4 Rbd6 35. d5 Na6 36. Nxa6 Bxa6 37. Rf2 Bb7 38. Rfe2 Bxd5 39. Kf2 Bxf3 40. gxf3 Rd2 41. Rxd2 Rxd2+ 42. Re2 Rxe2+ 43. Kxe2 Ke7 44. Ke3 Kd6 45. Kd4 g6 46. h4 h6 47. f4 g5 48. hxg5 hxg5 49. fxg5 fxg5 50. Ke4 Ke6 51. Kd4 g4 52. Ke4 g3 53. Kf3 Kd5 54. Kxg3 Kd4 55. Kf3 Kd3 0-1

[Event "Niederbayernliga 0506"]
[Site "Germany"]
[Date "2005.??.??"]
[Round "3"]
[White "Merz, Johann"]
[Black "Foierl, Siegfried"]
[Result "1/2-1/2"]
[WhiteElo "1414"]
[BlackElo "1653"]
[PlyCount "75"]
[EventDate "2005.??.??"]
[EventType "team"]
[EventRounds "9"]
[EventCountry "GER"]
[SourceTitle "EXT 2008"]
[Source "ChessBase"]
[SourceDate "2007.11.25"]
[SourceVersion "1"]
[SourceVersionDate "2007.11.25"]
[SourceQuality "1"]
[WhiteTeam "Eggenfelden"]
[BlackTeam "Geiselhoering"]
[WhiteTeamCountry "GER"]
[BlackTeamCountry "GER"]

1. e4 c5 2. Bc4 e6 3. a3 d5 4. exd5 exd5 5. Ba2 Nf6 6. Nf3 Be7 7. 0-0 Nc6 8. c3 0-0 9. h3 d4 10. d3 h6 11. Bf4 Bd6 12. Bxd6 Qxd6 13. cxd4 Nxd4 14. Nxd4 Qxd4 15. Nc3 a6 16. Bb3 Re8 17. Rb1 Bf5 18. Qf3 Bxd3 19. Rbd1 c4 20. Bc2 Red8 21. Bxd3 cxd3 22. Rd2 Rd7 23. Rfd1 Rad8 24. g3 Qc4 25. Kh2 b5 26. Kg1 a5 27. Qe3 b4 28. axb4 axb4 29. Na4 Qe4 30. Nc5 Qxe3 31. fxe3 Rd5 32. Rxd3 Rxd3 33. Rxd3 Rc8 34. Nb3 Rc2 35. Rd2 Rc4 36. Rd4 Rc2 37. Rd2 Rc4 38. Rd4 1/2-1/2